| 000 | 00562cam a22002172a 4500 | ||
|---|---|---|---|
| 001 | 010671 | ||
| 003 | AR-FADEU | ||
| 008 | 311216n1987####xxu####################dd | ||
| 020 | _a950-04-0696-9 | ||
| 092 |
_a982.828 _bB565 |
||
| 100 | _aBetts, Alexander | ||
| 245 | _aLa verdad sobre las malvinas : mi tierra natal | ||
| 260 | _aBuenos Aires | ||
| 260 | _bEmecé | ||
| 260 | _c1987 | ||
| 300 | _a202 p. : ilus | ||
| 440 | _aHechos reales | ||
| 500 | _aIncluye Apéndice | ||
| 650 | _aHISTORIA ARGENTINA; ISLAS MALVINAS; GEOPOLITICA | ||
| 942 | _cBDGR | ||
| 999 |
_c16455 _d16455 |
||